| 000 | 00780nam a2200265Ia 4500 | ||
|---|---|---|---|
| 003 | OSt | ||
| 005 | 20220912151340.0 | ||
| 006 | a|||||r|||| 00| 0 | ||
| 007 | ta | ||
| 008 | 220909b |||||||| |||| 00| 0 eng d | ||
| 024 | _a23262 | ||
| 037 | _cTextual | ||
| 040 |
_aCSL _beng _cCSL |
||
| 041 | _aeng | ||
| 082 | _aB334;1p1,N75, L6-;1 | ||
| 100 | _aHubbard Bert Ed. | ||
| 245 | 0 | _aNumerical solution of partial differential equations-III | |
| 260 |
_aNew York _b Academic Press _c1976 |
||
| 300 |
_aix, 499p. _ccm. |
||
| 490 | _aAcademic Press rapid manuscript reproduction; 3 | ||
| 650 | _a Differential equations | ||
| 650 | _aNumerical methods | ||
| 942 |
_hB334;1p1,N75, L6-;1 _cTEXL _2CC |
||
| 999 |
_c66669 _d66669 |
||